00674nam a2200241 a 4500001001300000003000900013005001700022008004100039020001000080082001600090100001900106245002600125260004400151300000900195500003500204505001000239650002200249700001900271902000800290942000700298952011200305999001500417nice12345678IN_TiNIC20260116011730.0050524s1966 boma grp 000 0 eng  ac1.500a269.2bVER1 aVerwer, George aLiterature Evangelism aBombaybGospel Literature Servicec1966 a112p aincludes index and biblioraphy2 aIndex aEvangelistic Work1 aVerwer, George bSRS cBK 001040708StackRoom-aHMIbHMId2007-07-16g1.50l0o269.2 VER1p05753r2007-07-16v1.50w2005-05-24yBK c3579d3579